| 000 | 00349nam a2200145Ia 4500 | ||
|---|---|---|---|
| 005 | 20240823064014.0 | ||
| 008 | 240823s9999||||xx |||||||||||||| ||und|| | ||
| 082 | _A530.12 P9 | ||
| 100 | _aBernd Thaller | ||
| 245 | 0 | _aVisual Quantum Mechanics | |
| 260 |
_c2009 _b"Springer,New " |
||
| 500 | _aYES | ||
| 650 |
_aQuantum _bMechanical |
||
| 942 | _cNB | ||
| 999 |
_c239673 _d239673 |
||